Joint-venture FAW-Volkswagen Automobile Co.Ltd.

Spoločný podnik a jeho výhody. Legislatíva pre spoločný podnik v Číne. Materská spoločnosť FAW-Volkswagen. Predaje FAW-Volkswagen. Prínosy spoločného podniku pre Volkswagen, FAW a Čínu. Skupina Volkswagen Čína a výsledky FAW-Volkswagen v Číne.

Guardado en:
Detalles Bibliográficos
Autor principal: Retová, Janette
Otros Autores: Pólya, Attila
Formato: Capítulo de libro
Lenguaje:inglés
Materias:
Etiquetas: Agregar Etiqueta
Sin Etiquetas, Sea el primero en etiquetar este registro!

MARC

LEADER 00000nla$a2200000$$$4500
001 0148864
005 20240502083342.4
041 0 |a eng 
044 |a HU 
245 1 0 |a Joint-venture FAW-Volkswagen Automobile Co.Ltd.  |c Janette Retová, Attila Pólya 
520 |a Spoločný podnik a jeho výhody. Legislatíva pre spoločný podnik v Číne. Materská spoločnosť FAW-Volkswagen. Predaje FAW-Volkswagen. Prínosy spoločného podniku pre Volkswagen, FAW a Čínu. Skupina Volkswagen Čína a výsledky FAW-Volkswagen v Číne. 
610 2 0 |a podnik spoločný 
610 2 0 |a podnikanie medzinárodné 
610 2 0 |a automobily 
610 2 0 |a Nemecko 
610 2 0 |a Čína 
100 1 |a Retová, Janette 
700 1 |a Pólya, Attila